书目信息 |
| 题名: |
不会吟诗也会吟
|
|
| 作者: | 周啸天 著 | |
| 分册: | ||
| 出版信息: | 成都 四川文艺出版社 2009.07 |
|
| 页数: | 259页 | |
| 开本: | 24cm | |
| 丛书名: | ||
| 单 册: | ||
| 中图分类: | I2 | |
| 科图分类: | ||
| 主题词: | 古典诗歌--gu dian shi ge--创作方法--中国 | |
| 电子资源: | ||
| ISBN: | 978-7-5411-2850-9 | |
| 000 | 00930nam0 2200241 450 | |
| 001 | 012010687077 | |
| 005 | 20100415081956.96 | |
| 010 | @a978-7-5411-2850-9@dCNY26.00 | |
| 100 | @a20100415d2009 em y0chiy0120 ea | |
| 101 | 0 | @achi |
| 102 | @aCN@b510000 | |
| 105 | @ay z 000yy | |
| 106 | @ar | |
| 200 | 1 | @a不会吟诗也会吟@Abu hui yin shi ye hui yin@e诗词创作十日谈@f周啸天著@Fzhou xiao tian zhu |
| 210 | @a成都@c四川文艺出版社@d2009.07 | |
| 215 | @a259页@d24cm | |
| 330 | @a这像是网络时代的诗歌宣言。“有的人写了一辈子的诗,却不知什么是诗味。”宋谋瑒生前说的这句话,给我留下很深的印象。“一切好的作品都在告诉人们怎样写”,所以,小说作法之类的书,鲁迅是从来不看的。不过,沙俄 | |
| 517 | 1 | @a诗词创作十日谈@Ashi ci chuang zuo shi ri tan |
| 606 | 0 | @a古典诗歌@Agu dian shi ge@x创作方法@y中国 |
| 690 | @aI2@v4 | |
| 701 | 0 | @a周啸天@Azhou xiao tian@4著 |
| 801 | 0 | @aCN@bQSSK@c20100415 |
| 905 | @b777768-70@dI207.21@eZ806@f3 | |
| 不会吟诗也会吟:诗词创作十日谈/周啸天著.-成都:四川文艺出版社,2009.07 |
| 259页;24cm |
| ISBN 978-7-5411-2850-9:CNY26.00 |
| 这像是网络时代的诗歌宣言。“有的人写了一辈子的诗,却不知什么是诗味。”宋谋瑒生前说的这句话,给我留下很深的印象。“一切好的作品都在告诉人们怎样写”,所以,小说作法之类的书,鲁迅是从来不看的。不过,沙俄 |
| ● |
| 相关链接 |
|
|
|
正题名:不会吟诗也会吟
索取号:I207.21/Z806
 
预约/预借
| 序号 | 登录号 | 条形码 | 馆藏地/架位号 | 状态 | 备注 |
| 1 | 777768 | 207777681 | 社科二线400B/400B社科库 18排1列6层/ [索取号:I207.21/Z806] | 在馆 | |
| 2 | 777769 | 207777690 | 社科二线400B/400B社科库 17排2列5层/ [索取号:I207.21/Z806] | 在馆 | |
| 3 | 777770 | 207777707 | 社科二线400B/400B社科库 18排1列6层/ [索取号:I207.21/Z806] | 在馆 |